<?xml version="1.0" encoding="UTF-8"?>
<record
    xmlns:xsi="http://www.w3.org/2001/XMLSchema-instance"
    xsi:schemaLocation="http://www.loc.gov/MARC21/slim http://www.loc.gov/standards/marcxml/schema/MARC21slim.xsd"
    xmlns="http://www.loc.gov/MARC21/slim">

  <leader>02070nam a2200289 a 4500</leader>
  <controlfield tag="001">000045047</controlfield>
  <controlfield tag="005">20201002045830.0</controlfield>
  <controlfield tag="008">150130s2013    dr acd        000 0 spa d</controlfield>
  <datafield tag="020" ind1=" " ind2=" ">
    <subfield code="a">9789945120677 (v. 1)</subfield>
  </datafield>
  <datafield tag="020" ind1=" " ind2=" ">
    <subfield code="a">9789945120684 (v. 2)</subfield>
  </datafield>
  <datafield tag="020" ind1=" " ind2=" ">
    <subfield code="a">9789945120691 (v. 3)</subfield>
  </datafield>
  <datafield tag="020" ind1=" " ind2=" ">
    <subfield code="a">9789945120707 (v. 4)</subfield>
  </datafield>
  <datafield tag="040" ind1=" " ind2=" ">
    <subfield code="a">DO-SdBNP</subfield>
    <subfield code="b">spa</subfield>
    <subfield code="c">BNPHU</subfield>
  </datafield>
  <datafield tag="100" ind1="1" ind2=" ">
    <subfield code="a">Sim&#xF3;n Consuegra, Jos&#xE9; Miguel</subfield>
    <subfield code="9">51487</subfield>
  </datafield>
  <datafield tag="245" ind1="1" ind2="0">
    <subfield code="a">C&#xED;vica :</subfield>
    <subfield code="b">formaci&#xF3;n en valores y civismo /</subfield>
    <subfield code="c">Jos&#xE9; Miguel Sim&#xF3;n Consuegra, Margarita Hern&#xE1;ndez Tejada; ilustraciones y fotograf&#xED;as Julio C&#xE9;sar Mart&#xED;nez.</subfield>
  </datafield>
  <datafield tag="260" ind1=" " ind2=" ">
    <subfield code="a">Santo Domingo :</subfield>
    <subfield code="b">Ministerio de Educaci&#xF3;n</subfield>
    <subfield code="b">Susaeta,</subfield>
    <subfield code="c">2013.</subfield>
  </datafield>
  <datafield tag="300" ind1=" " ind2=" ">
    <subfield code="a">v. :</subfield>
    <subfield code="b">il., retrs., mapas ;</subfield>
    <subfield code="c">29 cm.</subfield>
  </datafield>
  <datafield tag="500" ind1=" " ind2=" ">
    <subfield code="a">Nivel medio</subfield>
  </datafield>
  <datafield tag="500" ind1=" " ind2=" ">
    <subfield code="a">Prohibida su venta. Propiedad del Ministerio de Educaci&#xF3;n</subfield>
  </datafield>
  <datafield tag="500" ind1=" " ind2=" ">
    <subfield code="a">Edici&#xF3;n especial del Ministerio de Educaci&#xF3;n</subfield>
  </datafield>
  <datafield tag="505" ind1="0" ind2=" ">
    <subfield code="a">v. 1:</subfield>
    <subfield code="g">1er. grado, primer ciclo--</subfield>
    <subfield code="g">unidad 1--</subfield>
    <subfield code="t">Sociedad y educaci&#xF3;n C&#xED;vica--</subfield>
    <subfield code="g">unidad 2--</subfield>
    <subfield code="t">Desarrollo individual, personal y social--</subfield>
    <subfield code="g">unidad 3--</subfield>
    <subfield code="t">La familia--</subfield>
    <subfield code="g">unidad 4--</subfield>
    <subfield code="t">Derechos y deberes--</subfield>
    <subfield code="g">unidad 5--</subfield>
    <subfield code="t">Las relaciones de convivencia--</subfield>
  </datafield>
  <datafield tag="505" ind1="0" ind2=" ">
    <subfield code="a">v. 2:</subfield>
    <subfield code="g">2do. grado, primer ciclo--</subfield>
    <subfield code="g">unidad 1--</subfield>
    <subfield code="t">Los derechos humanos--</subfield>
    <subfield code="g">unidad 2--</subfield>
    <subfield code="t">Los derechos de la mujer--</subfield>
    <subfield code="g">unidad 3--</subfield>
    <subfield code="t">Los valores de nuestra constituci&#xF3;n--</subfield>
    <subfield code="g">unidad 4--</subfield>
    <subfield code="t">Las relaciones humanas--</subfield>
    <subfield code="g">unidad 5--</subfield>
    <subfield code="t">Salvemos nuestro planeta--</subfield>
  </datafield>
  <datafield tag="505" ind1="0" ind2=" ">
    <subfield code="a">v. 3:</subfield>
    <subfield code="g">1er. grado, segundo ciclo--</subfield>
    <subfield code="g">unidad 1--</subfield>
    <subfield code="t">La constituci&#xF3;n Dominicana--</subfield>
    <subfield code="g">unidad 2--</subfield>
    <subfield code="t">El Estado Dominicano--</subfield>
    <subfield code="g">unidad 3--</subfield>
    <subfield code="t">Relaci&#xF3;n de la convivencia en la comunidad y sus instancias--</subfield>
  </datafield>
  <datafield tag="505" ind1="0" ind2=" ">
    <subfield code="a">v. 4:</subfield>
    <subfield code="g">2do. grado, segundo ciclo--</subfield>
    <subfield code="g">unidad 1--</subfield>
    <subfield code="t">Descentralizaci&#xF3;n del poder--</subfield>
    <subfield code="g">unidad 2--</subfield>
    <subfield code="t">La participaci&#xF3;n ciudadana como mecanismo para fortalecer la cultura democr&#xE1;tica--</subfield>
    <subfield code="g">unidad 3--</subfield>
    <subfield code="t">Fundamentaci&#xF3;n &#xE9;tica en la vida democr&#xE1;tica y las funciones p&#xFA;blicas--</subfield>
    <subfield code="g">unidad 4--</subfield>
    <subfield code="t">Relaci&#xF3;n de convivencia del centro escolar, la comunidad local y sus instancias--</subfield>
  </datafield>
  <datafield tag="700" ind1="1" ind2=" ">
    <subfield code="a">Hern&#xE1;ndez Tejada, Margarita</subfield>
    <subfield code="9">50027</subfield>
  </datafield>
  <datafield tag="700" ind1="1" ind2=" ">
    <subfield code="a">Mart&#xED;nez, Julio C&#xE9;sar</subfield>
    <subfield code="e">fot. y il.</subfield>
    <subfield code="9">1263</subfield>
  </datafield>
  <datafield tag="952" ind1=" " ind2=" ">
    <subfield code="0">0</subfield>
    <subfield code="1">0</subfield>
    <subfield code="7">1</subfield>
    <subfield code="8">PD</subfield>
    <subfield code="a">PD</subfield>
    <subfield code="b">PD</subfield>
    <subfield code="c">HD</subfield>
    <subfield code="d">2015-01-30</subfield>
    <subfield code="i">LF1</subfield>
    <subfield code="l">0</subfield>
    <subfield code="o"> </subfield>
    <subfield code="p">45047-10</subfield>
    <subfield code="r">2020-06-25</subfield>
    <subfield code="w">2020-06-25</subfield>
    <subfield code="y">LFPD</subfield>
    <subfield code="Z">No se presta</subfield>
  </datafield>
  <datafield tag="999" ind1=" " ind2=" ">
    <subfield code="c">44536</subfield>
    <subfield code="d">44536</subfield>
  </datafield>
</record>
